000 00439nam a2200169 a 4500
001 3952
005 20140414131932.0
008 040107s19uu xx 00 eng d
020 _a1-902947-74-6
050 _aREF 581
_bF23 2003
100 _aFarndon, John
245 _aPlants / :
_cJohn Farndon.
_b1000 things you should know about /
260 _bMiles Kelly,
_c2000.
300 _a61 p. ; cm.
650 _aPlants
999 _c112249
_d112249